000 00547pab a2200193 454500
008 180718b2010 xxu||||| |||| 00| 0 eng d
100 _aSevuktekin, Mustafa
245 _aA cross-country comparison of corruption and public expenditures: a panel data approach
260 _c2010
300 _ap.140-50.
362 _aFeb
650 _aPublic expenditure
650 _aCorruption
700 _aGiray, Filiz
700 _aNargeleekenler, Mehmet
773 _aInternational Journal of Public Administration
908 _aN
909 _a86065
999 _c86065
_d86065